000
00284nam a22001337a 4500
008
171208b xxu||||| |||| 00| 0 eng d
020
_a
773736020849
041
_a
eng
080
_a
621
100
_a
27
101
_a
MEK
245
_a
LEARNING MAYA 6
_c
DUVEKOT, M
942
_2
udc
_c
BK
999
_c
38837
_d
38837